Dates des mouvements littéraires - Statistiques

Statistiques générales
  • Ce quiz a été pris 29 fois
  • Le résultat moyen est 4 sur 13
Statistiques - réponses
Hint Réponse % Correct
Humanisme 1490 1580
60%
Pléïade 1550 1570
40%
Romantisme 1800 1850
33%
Classicisme 1660 1690
27%
Lumières 1715 1789
27%
Réalisme 1830 1890
27%
Parnasse 1840 1870
27%
Naturalisme 1870 1890
27%
Symbolisme 1870 1890
27%
Baroque 1580 1660
20%
Nouveau Roman 1950 1970
20%
Surréalisme 1918 1945
13%
Théâtre de l'absurde 1950 1660
7%
Aucun quiz correspondant
Distribution des résultats
% des personnes avec chaque résultat
Percentile par nombre de réponses
Votre historique - résultats
Vous n’avez pas pris ce quiz